Republic of Poland : Financial System Stability Assessment.

This report on Financial System Stability Assessment analyzes the financial sector issues, the regulatory and supervisory framework, macroeconomic risks, and the soundness of the financial system of Poland. This paper also describes the assessments of the banking, insurance, and securities regulatio...

Descripció completa

Dades bibliogràfiques
Autor corporatiu: International Monetary Fund
Format: Revista
Idioma:English
Publicat: Washington, D.C. : International Monetary Fund, 2001.
Col·lecció:IMF Staff Country Reports; Country Report ; No. 2001/067
Accés en línia:Full text available on IMF
LEADER 01615cas a2200241 a 4500
001 AALejournalIMF001521
008 230101c9999 xx r poo 0 0eng d
020 |c 5.00 USD 
020 |z 9781451831894 
022 |a 1934-7685 
040 |a BD-DhAAL  |c BD-DhAAL 
110 2 |a International Monetary Fund. 
245 1 0 |a Republic of Poland :   |b Financial System Stability Assessment. 
264 1 |a Washington, D.C. :  |b International Monetary Fund,  |c 2001. 
300 |a 1 online resource (75 pages) 
490 1 |a IMF Staff Country Reports 
500 |a <strong>Off-Campus Access:</strong> No User ID or Password Required 
500 |a <strong>On-Campus Access:</strong> No User ID or Password Required 
506 |a Electronic access restricted to authorized BRAC University faculty, staff and students 
520 3 |a This report on Financial System Stability Assessment analyzes the financial sector issues, the regulatory and supervisory framework, macroeconomic risks, and the soundness of the financial system of Poland. This paper also describes the assessments of the banking, insurance, and securities regulations, and of the systemically important payment systems, as well as an assessment of the observance of the code of good practices on transparency of monetary and financial policies, and the great progress made in assimilating international best standards and practices. 
538 |a Mode of access: Internet 
830 0 |a IMF Staff Country Reports; Country Report ;  |v No. 2001/067 
856 4 0 |z Full text available on IMF  |u http://elibrary.imf.org/view/journals/002/2001/067/002.2001.issue-067-en.xml  |z IMF e-Library